Producción y comercio exterior de granos básicos en México.
Tabuľkové spracovanie výroby, rozlohy, objemov, dovozu a vývozu základných obilnín v Mexiku za r. 1989-1990.
Na minha lista:
| Formato: | Capítulo de Livro |
|---|---|
| Idioma: | espanhol |
| Assuntos: | |
| Tags: |
Sem tags, seja o primeiro a adicionar uma tag!
|
MARC
| LEADER | 00000naa a2200000 4500 | ||
|---|---|---|---|
| 001 | r003695 | ||
| 005 | 20220818104535.9 | ||
| 041 | 0 | |a spa | |
| 044 | |a MX | ||
| 245 | 1 | 0 | |a Producción y comercio exterior de granos básicos en México. |
| 520 | |a Tabuľkové spracovanie výroby, rozlohy, objemov, dovozu a vývozu základných obilnín v Mexiku za r. 1989-1990. | ||
| 610 | 2 | 0 | |a obilniny |
| 610 | 2 | 0 | |a tabuľky štatistické |
| 610 | 2 | 0 | |a Mexiko |
| 610 | 2 | 0 | |a obchod zahraničný |
| 610 | 2 | 0 | |a 1989-1990 |